Miei americani (I) (Record n. 101334)
[ formato base ]
| 000 -LEADER | |
|---|---|
| fixed length control field | 01390njm a2200313Ia 4500 |
| 001 - CONTROL NUMBER | |
| control field | 25958 |
| 003 - CONTROL NUMBER IDENTIFIER | |
| control field | IT-RoPAU |
| 005 - DATE AND TIME OF LATEST TRANSACTION | |
| control field | 20220918181142.0 |
| 008 - FIXED-LENGTH DATA ELEMENTS--GENERAL INFORMATION | |
| fixed length control field | 131025s9999 xx 000 0 und d |
| 040 ## - CATALOGING SOURCE | |
| Original cataloging agency | IT-RoPAU |
| 040 ## - CATALOGING SOURCE | |
| Transcribing agency | IT-RoPAU |
| 041 ## - LANGUAGE CODE | |
| Language code of text/sound track or separate title | ITALIANO |
| 999 ## - SYSTEM CONTROL NUMBERS (KOHA) | |
| Koha Dewey Subclass [OBSOLETE] | NO |
| 100 ## - MAIN ENTRY--PERSONAL NAME | |
| Personal name | Celentano Adriano |
| 9 (RLIN) | 1546 |
| 100 ## - MAIN ENTRY--PERSONAL NAME | |
| Relator term | Autore musica |
| 9 (RLIN) | 15043 |
| 100 ## - MAIN ENTRY--PERSONAL NAME | |
| Miscellaneous information | Codice autore musica SPICS: 10821 |
| 9 (RLIN) | 1548 |
| 245 ## - TITLE STATEMENT | |
| Title | Miei americani (I) |
| 250 ## - EDITION STATEMENT | |
| Edition statement | 1a ed. |
| 260 ## - PUBLICATION, DISTRIBUTION, ETC. (IMPRINT) | |
| Place of publication, distribution, etc. | ROMA |
| 260 ## - PUBLICATION, DISTRIBUTION, ETC. (IMPRINT) | |
| Name of publisher, distributor, etc. | SPICS RECORDS |
| Date of publication, distribution, etc. | 1985 [1a Ed.:1984 - Ed. Lingua Orig.: 1984] |
| 300 ## - PHYSICAL DESCRIPTION | |
| Extent | MUSICASSETTA |
| 300 ## - PHYSICAL DESCRIPTION | |
| Dimensions | 39 minuti (Testo: pag.) |
| 500 ## - GENERAL NOTE | |
| General note | Canzone italiana. Cover |
| 505 ## - FORMATTED CONTENTS NOTE | |
| Formatted contents note | Il contadino (Hold On I'm Coming) - Michelle (Michelle) - Bisogna far qualcosa (These Boots Are Made For Walkin') - Sono un fallito (Busted) - Fumo negli occhi (Smoke Gets In Your Eyes) - Maledetta televisione (That's All Right, Mama) - Susanna (Susanna) - Questo vecchio pazzo mondo (Eve of Destruction) - Il cantante folle (The Great Pretender) - Cara baby (Happy Baby) - Sei il mio destino (You Are My Destiny) |
| 650 ## - SUBJECT ADDED ENTRY--TOPICAL TERM | |
| Topical term or geographic name as entry element | CANZONE ITALIAN [CASSETTE] |
| Relator term | Codice MATERIA SPICS: 9951 |
| 9 (RLIN) | 2279 |
| 700 ## - ADDED ENTRY--PERSONAL NAME | |
| Personal name | Celentano Adriano |
| Relator term | Autore testo e musica |
| Miscellaneous information | Codice autore testo/musica SPICS: 10821 |
| 9 (RLIN) | 15044 |
| 700 ## - ADDED ENTRY--PERSONAL NAME | |
| Personal name | Celentano Adriano |
| Miscellaneous information | Codice interprete SPICS: 10821 |
| Relator term | Interprete |
| 9 (RLIN) | 15045 |
| 942 ## - ADDED ENTRY ELEMENTS (KOHA) | |
| Koha item type | MUSICASSETTE |
| Source of classification or shelving scheme | Dewey Decimal Classification |
| Withdrawn status | Lost status | Damaged status | Not for loan | Home library | Current library | Date acquired | Total Checkouts | Full call number | Date last seen | Price effective from | Koha item type | Public note |
|---|---|---|---|---|---|---|---|---|---|---|---|---|
| Buone Condizioni | Not For Loan | SPICS-MEDIATECA | SPICS-MEDIATECA | 25/10/2013 | 25958 | 25/10/2013 | 25/10/2013 | MUSICASSETTE | Progr. Ins.: 5831 / N.Vol.: 1 / Copie: 1 - Copia rara: NO / date import: 01.01.2014 - By Epidotti, Trombetti, Vaglietti |